| 000 | 00349nam a22001457a 4500 | ||
|---|---|---|---|
| 008 | 210310b ||||| |||| 00| 0 eng d | ||
| 020 | _a9781285837901 | ||
| 041 | _aeng | ||
| 080 |
_27th _a33 |
||
| 082 |
_27th _a33 |
||
| 100 | _a59 | ||
| 101 | _aBIZ | ||
| 245 |
_aContemporary Mathematics for Business and Consumers _cBrechner,R |
||
| 942 |
_2udc _cBK |
||
| 999 |
_c56115 _d56115 |
||